[Event "Summer Chess Classic A 2018"]
[Site "Saint Louis"]
[Date "2018.05.20"]
[Round "6"]
[White "Zherebukh, Yaroslav"]
[Black "Jumabayev, Rinat"]
[Result "1-0"]
[WhiteElo "2628"]
[BlackElo "2621"]
[Annotator "TA"]
[PlyCount "91"]
[EventDate "2018.??.??"]
[EventType "tourn"]
[EventCountry "USA"]
[SourceTitle "playchess.com"]
[Source "ChessBase"]
[SourceQuality "1"]

{[%evp 16,91,2,6,13,3,8,-4,8,0,16,5,60,16,0,0,35,0,0,0,0,-8,35,27,28,0,0,0,0,0,0,0,0,-1,0,0,0,-24,0,0,0,-49,-48,-56,72,66,74,77,84,70,82,63,154,149,200,188,192,189,251,270,350,356,345,390,401,384,618,623,610,595,5314,1102,877,859,29979,29980,29978,29979]} 1. d4 d5 2. c4 c6 3. Nf3 Nf6 4. Nc3 a6 5. cxd5 cxd5 6. Bf4 Nc6 7. Ne5 e6 {D13: Slav Defence: Exchange variation without ...Bf5} (7... Bd7 8. e3 e6 9. Bd3 Be7 10. O-O O-O 11. Rc1 Rc8 12. Qf3 Nxe5 13. dxe5 Ne8 14. Rfd1 Qa5 15. Bb1 f5 16. exf6 Nxf6 17. Be5 Qb4 18. Qh3 h6 19. Rc2 Qg4 20. Qxg4 Nxg4 {1-0 (63) Rakhmanov,A (2662)-Bologan,V (2640) Sochi 2016}) 8. Nxc6 bxc6 9. e3 {LiveBook: 7 Games} Bd6 {The position is equal.} 10. Bxd6 Qxd6 11. Be2 Rb8 12. Na4 $146 ({Predecessor:} 12. Qc2 O-O 13. O-O c5 14. Na4 cxd4 15. exd4 Nd7 16. Nc5 Nxc5 17. dxc5 {1-0 (26) Melas,R-Aristotelous,A Cyprus 1998}) 12... Qb4+ 13. Kf1 Qd6 (13... Qe7 $11) 14. Rc1 e5 15. b3 a5 16. f3 O-O 17. dxe5 Qxe5 18. Qd4 Qc7 19. Qf4 Qa7 20. Nc5 Re8 21. Kf2 Qe7 {And now ...Rb4 would win.} (21... Rb4 $5 22. Qd6 $8 Rh4 $11) 22. Nd3 Ba6 {Strongly threatening ...Bxd3.} 23. Qd4 Bxd3 24. Bxd3 Rb4 25. Qc5 {Qxe7 is the strong threat.} Qe5 26. Rce1 Qc7 27. Rc1 Qe5 28. g3 Nd7 29. Qa7 Qd6 (29... Qe6 $1 $15 {stays ahead.}) 30. Qxa5 $16 Ne5 31. Be2 $1 d4 {aiming for ...dxe3+.} 32. Qc5 $1 $36 {[%cal Rc5d6][%mdl 2048] White is pushing.} dxe3+ 33. Kg2 $1 Qb8 (33... Qd2 $14 34. Rc2 Rc4 $1 {[%mdl 512]} 35. Qxc4 (35. Qxe5 $2 Rxe5 36. Rxd2 exd2 $19) 35... Nxc4 36. Rxd2 exd2) 34. Rhd1 ({And not} 34. Qxe3 Ng4 $17) 34... h5 {[#]} (34... Rb7 $16) 35. Rc3 $1 $18 Rb7 36. Rxe3 Rbe7 (36... Nd7 {is a better defense.} 37. Qg5 g6) 37. f4 Ng6 38. Rxe7 Nxe7 39. Rd7 ({Don't do} 39. Bxh5 Nd5 $18) 39... Nd5 40. Bxh5 g6 $2 {[#]} (40... Rf8 41. Bf3 (41. Qxc6 Nf6 $18) 41... Nf6) 41. Bxg6 $1 {[%mdl 512]} fxg6 42. Qxc6 Re2+ 43. Kf3 (43. Kf1 $142 Nxf4 44. gxf4) 43... Re3+ 44. Kf2 Re2+ 45. Kxe2 Qe8+ 46. Kf1 {Precision: White = 69%, Black = 37%.} 1-0

[Event "Summer Chess Classic A 2018"]
[Site "Saint Louis"]
[Date "2018.05.20"]
[Round "6"]
[White "Prohaszka, Peter"]
[Black "Akobian, Varuzhan"]
[Result "1/2-1/2"]
[WhiteElo "2613"]
[BlackElo "2641"]
[Annotator "TA"]
[PlyCount "180"]
[EventDate "2018.??.??"]
[EventType "tourn"]
[EventCountry "USA"]
[SourceTitle "playchess.com"]
[Source "ChessBase"]
[SourceQuality "1"]

{[%evp 20,180,0,0,0,0,0,-8,0,0,8,0,5,0,18,15,22,28,43,39,53,32,58,60,52,39,60,32,37,34,37,28,37,36,42,35,32,25,75,77,70,70,91,39,35,33,65,70,64,65,85,85,85,85,85,72,85,85,85,85,85,70,85,52,85,85,85,85,85,85,85,85,85,85,85,85,85,85,92,85,85,85,85,64,64,64,64,53,64,64,64,64,64,64,64,64,64,64,64,64,64,53,64,53,53,53,53,53,53,53,53,53,53,53,53,53,53,8,8,12,32,0,0,0,0,0,0,0,0,0,0,0,584,0,0,0,0,0,0,0,0,0,0,0,0,0,0,0,0,0,0,0,0,0,0,0,0,0,0,0,0,0,0]} 1. Nf3 d5 2. g3 c6 3. Bg2 Bg4 4. c4 e6 5. O-O Nf6 6. Qb3 Qb6 {A11: English Opening: 1...c6} 7. d3 Nbd7 8. Qc2 dxc4 9. Qxc4 Bxf3 10. Bxf3 Ne5 11. Qf4 {LiveBook: 9 Games} Nxf3+ 12. Qxf3 Be7 13. Nd2 O-O 14. Nc4 {[#]} Qb5 $146 15. Bd2 Rfd8 16. Rfc1 Qd5 {White should prevent ...Qxf3.} 17. Kg2 Qxf3+ 18. Kxf3 Rd5 19. b4 Nd7 20. Ne3 Rd6 21. a4 Bf6 22. Rab1 a6 23. Nc4 Ne5+ 24. Nxe5 Bxe5 25. b5 cxb5 26. axb5 h6 27. Rc5 Bd4 28. Rc7 b6 29. bxa6 Rxa6 30. Be3 Bxe3 31. Kxe3 $14 {[%mdl 4096] Endgame KRR-KRR} ({White should play} 31. fxe3 $16 g6 32. e4) 31... Rd5 32. Rb2 Rh5 33. h4 Re5+ 34. Kf3 Rf5+ {[#]} 35. Kg2 $1 g5 36. hxg5 hxg5 37. Rb7 Re5 38. g4 Kg7 39. Kf3 Rd5 40. Rb3 Kg6 41. e3 Ra2 42. d4 ({Of course not} 42. R3xb6 $6 Rxd3 43. Rb2 Rxb2 $11) 42... Rda5 43. R3xb6 Rd2 44. Rb2 Ra2 45. Rxa2 Rxa2 $16 {KR-KR} 46. Rb1 Rd2 47. Rf1 Kf6 48. Ra1 Kg6 49. Ra4 Kf6 50. Rc4 Kg6 51. e4 Rd3+ 52. Ke2 Ra3 53. Rc2 Kf6 54. Rd2 Ra1 55. Rd3 Rg1 56. f3 Ra1 57. Rc3 Ra4 58. Ke3 Ra5 59. Rd3 Ke7 60. Kd2 Ra4 61. Kc3 Kd6 62. Kb3 Ra1 63. Kb4 Rb1+ 64. Kc4 Rc1+ 65. Rc3 Rd1 66. Ra3 {Hoping for Ra7.} Ke7 67. Ra7+ Kf6 68. d5 exd5+ 69. exd5 Rf1 70. Kc5 {[#] Strongly threatening Ra3.} Rxf3 71. d6 {And now Re7 would win.} Rc3+ 72. Kd5 {Ra4 is the strong threat.} Rd3+ $1 73. Kc6 Rc3+ 74. Kd7 {aiming for Kd8.} Rc4 75. Ke8 Rc8+ 76. Kd7 Rc4 {The position is equal.} 77. Ra8 Rxg4 78. Kc6 Rc4+ 79. Kd5 {White wants to mate with d7.} Rc1 80. d7 Rd1+ 81. Kc6 Ke5 82. d8=Q (82. Ra1 {looks sharper.} Rd2 83. Ra2 Rd1 84. Rg2 Kf4 85. Kc7) 82... Rxd8 83. Rxd8 $11 {KR-KPP} g4 84. Kc5 g3 85. Kc4 Ke4 86. Rg8 Kf3 87. Rf8 g2 88. Rxf7+ Ke2 89. Rg7 Kf2 90. Rxg2+ Kxg2 {Precision: White = 62%, Black = 76%.} 1/2-1/2

[Event "Summer Chess Classic A 2018"]
[Site "Saint Louis"]
[Date "2018.05.20"]
[Round "6"]
[White "Sevian, Samuel"]
[Black "Xiong, Jeffery"]
[Result "1-0"]
[WhiteElo "2613"]
[BlackElo "2661"]
[Annotator "TA"]
[PlyCount "63"]
[EventDate "2018.??.??"]
[EventType "tourn"]
[EventCountry "USA"]
[SourceTitle "playchess.com"]
[Source "ChessBase"]
[SourceQuality "1"]

{[%evp 9,63,32,42,33,37,47,50,56,46,43,46,35,37,27,80,71,114,119,121,110,122,122,132,117,119,133,135,135,119,114,228,203,387,335,312,311,308,312,302,261,261,236,355,314,332,223,391,389,669,659,727,763,750,727,724,681]} 1. e4 c5 2. Nc3 d6 3. d4 cxd4 4. Qxd4 Bd7 (4... Nc6 5. Qd2 Nf6 6. b3 e6 7. Bb2 a6 8. O-O-O b5 9. f3 h5 10. Nh3 Be7 11. Ng5 {1-0 (31) Carlsen,M (2843)-Wojtaszek,R (2744) Shamkir 2018}) 5. b3 $146 ({Predecessor:} 5. Be3 Nc6 6. Qd2 g6 7. Nge2 Bg7 8. O-O-O Nf6 9. f3 Ne5 10. Nf4 O-O 11. Nfd5 {½-½ (22) Van den Doel,E (2577)-Kleijn,C (2435) Netherlands 2017}) 5... Nc6 6. Qd2 {B23: Closed Sicilian: Lines without g3} g6 7. Bb2 Bg7 8. O-O-O {White is slightly better.} Nf6 9. f3 O-O 10. g4 a5 11. Kb1 a4 (11... Qb6 $11 {keeps the balance.}) 12. Nxa4 $16 Rxa4 13. bxa4 Qb6 {[#] White must now prevent ...Nxe4!} 14. Bb5 Ra8 {Hoping for ...Rxa4!} 15. c4 Ne8 16. Ne2 Ne5 {And now ...Bxb5 would win.} 17. Bd4 Qc7 18. Qc3 Bxb5 19. axb5 Nxc4 (19... Ra4 $16) 20. Bxg7 $18 Qc5 $2 {[#]} (20... Nxg7 {was worth a try.} 21. Rc1 Rc8) 21. Rd5 Na3+ 22. Ka1 Qf2 23. Rd2 Nxg7 24. Nd4 Qh4 25. Rc1 h5 (25... e5 $142) 26. gxh5 Nxh5 27. Rb2 {[%cal Bd2b2,Bb2b3,Bb3a3][%mdl 32]} Kh7 $2 (27... d5 28. Qc7 (28. exd5 Nf6 $18) 28... Rf8 29. Qxb7 Nc4) 28. Rb3 Qf2 $2 (28... e5 29. Ne6 (29. Rxa3 exd4 30. Qd3 Rxa3 $16) 29... fxe6 30. Rxa3 Rxa3 31. Qxa3 Qe7) 29. Qb2 {White is clearly winning.} ({Weaker is} 29. Rxa3 Rxa3 30. Qxa3 Qxd4+ 31. Qc3 Qb6 $16) 29... Qxb2+ 30. Kxb2 Ra4 31. Rxa3 Rxd4 32. Rc7 {Precision: White = 96%, Black = 46%.} 1-0

[Event "Summer Chess Classic A 2018"]
[Site "Saint Louis"]
[Date "2018.05.21"]
[Round "7"]
[White "Xiong, Jeffery"]
[Black "Fridman, Daniel"]
[Result "1/2-1/2"]
[WhiteElo "2661"]
[BlackElo "2636"]
[Annotator "TA"]
[PlyCount "57"]
[EventDate "2018.??.??"]
[EventType "tourn"]
[EventCountry "USA"]
[SourceTitle "playchess.com"]
[Source "ChessBase"]
[SourceQuality "1"]

{[%evp 21,57,31,25,14,8,16,13,14,13,13,8,11,22,25,15,17,15,8,23,0,8,0,44,25,39,31,29,0,0,0,0,0,0,0,0,0,0,0]} 1. d4 d5 2. c4 e6 3. Nf3 Nf6 4. g3 dxc4 5. Bg2 c5 6. O-O Nc6 7. Qa4 Bd7 8. Qxc4 b5 9. Qc3 {E04: Open Catalan: 5 Nf3} b4 10. Qd3 Rc8 11. dxc5 Bxc5 {LiveBook: 4 Games} 12. Be3 Bxe3 13. Qxe3 O-O 14. Nbd2 Qe7 15. Nc4 Rfd8 {[#]} 16. Rfd1 $146 ({Predecessor:} 16. Rac1 Ng4 {½-½ (72) Ding,L (2781)-Naiditsch,A (2712) Danzhou 2017}) 16... Be8 17. Ne1 Kf8 18. Rac1 Nd5 19. Qb3 f6 20. Nc2 Bf7 21. N2e3 Nxe3 22. Nxe3 Rxd1+ 23. Rxd1 Ne5 24. h3 Qc5 {The position is equal.} 25. Rd2 {[#] Black must now prevent Rc2.} Qc1+ 26. Rd1 Qc5 27. Rd2 {And now Rc2 would win.} Qc1+ 28. Rd1 Qc5 29. Rd2 {Precision: White = 56%, Black = 62%.} 1/2-1/2

[Event "Summer Chess Classic A 2018"]
[Site "Saint Louis"]
[Date "2018.05.21"]
[Round "7"]
[White "Akobian, Varuzhan"]
[Black "Zherebukh, Yaroslav"]
[Result "1/2-1/2"]
[WhiteElo "2641"]
[BlackElo "2628"]
[Annotator "TA"]
[PlyCount "266"]
[EventDate "2018.??.??"]
[EventType "tourn"]
[EventCountry "USA"]
[SourceTitle "playchess.com"]
[Source "ChessBase"]
[SourceQuality "1"]

{[%evp 18,266,7,0,0,10,31,30,31,24,37,0,0,9,61,48,61,45,62,44,44,36,44,41,53,44,51,52,48,23,23,28,34,27,56,67,54,64,68,55,49,35,47,13,39,46,114,113,108,93,108,99,133,142,202,201,200,85,164,162,197,0,0,0,187,184,170,177,179,151,231,231,239,231,225,209,238,237,226,223,235,220,229,223,212,0,201,0,201,200,202,204,207,197,193,193,189,0,207,147,149,171,170,164,158,0,158,67,66,27,45,0,63,63,131,126,110,87,141,141,146,135,161,152,156,143,255,252,252,252,243,0,0,0,0,0,0,0,0,0,0,0,0,0,0,0,0,0,0,0,0,0,0,0,0,0,0,0,0,0,0,0,0,0,0,0,0,0,0,0,0,0,0,0,0,0,0,0,0,0,0,0,0,0,0,0,0,0,0,0,0,0,0,0,0,0,0,0,0,0,0,0,0,0,0,0,0,0,0,0,0,0,0,0,0,0,0,0,0,0,0,0,0,0,0,0,0,0,0,0,0,0,0,0,0,0,0,0,0,0,0,0,0,0,0,0,0,0,0,0,0]} 1. d4 d5 2. c4 e6 3. Nc3 Nf6 4. cxd5 Nxd5 5. e4 Nxc3 6. bxc3 c5 7. Rb1 Be7 {D35: Damengambit (Abtauschvariante)} 8. Nf3 O-O 9. Bc4 Qc7 10. Qe2 {LiveBook: 5 Partien} b6 11. O-O Bb7 12. d5 exd5 $146 ({Vorgänger:} 12... e5 13. Rd1 Qd6 14. a4 a6 15. Bd3 Nd7 16. Nd2 Rfb8 17. Nc4 Qf6 18. f4 exf4 19. e5 Qh6 20. Qg4 Bc8 21. Bxf4 {1-0 (21) Wei,Y (2727)-Li,Y (2392) China 2017}) 13. exd5 Bd6 $1 14. Re1 Nd7 15. Bg5 Rfb8 (15... b5 $11 16. Bxb5 (16. Rxb5 Nb6 $14) 16... Nb6) 16. a4 Nf8 17. Bb3 Bc8 18. Bc2 Bg4 19. h3 Bh5 20. c4 Re8 21. Qd3 Bf4 22. Bxf4 Qxf4 23. Re4 Rxe4 24. Qxe4 Qxe4 25. Bxe4 Re8 26. Nd2 $1 Bg6 27. Bxg6 $1 hxg6 $14 {[%mdl 4096] Endspiel KTS-KTS} 28. a5 Nd7 29. axb6 axb6 30. Ra1 Nf6 31. Kf1 b5 ({Besser ist} 31... Kf8 $14) 32. cxb5 $16 {Schwarz muss nun d6 beachten.} Nxd5 33. Rc1 Rc8 34. Ne4 $1 c4 35. Nd6 Rd8 (35... Rb8 $16 {ist wohl besser.}) 36. Nxc4 $18 Rc8 {Und weiter mit ...Sb6! wäre nett.} 37. Rc2 (37. Rd1 $1 $18 {ist der präzise Gewinnweg.}) 37... Nb4 (37... Kf8 $16 {war nötig.}) 38. Rc3 $1 Nd5 39. Rc2 $2 (39. Rd3 $18) 39... Nb4 $1 $11 {[%cal Rb4c2]} 40. Rc3 $2 (40. Rc1 $11 Nd5 41. Rd1) 40... Nd5 $18 41. Rd3 Nf4 42. Rd4 Ne6 43. Re4 Rc5 (43... Kf8 $16 44. Ke2 Nc5) 44. b6 $1 {[%cal Rb6b7] b7 ist eine echte Drohung.} Rb5 45. Ke2 Kf8 46. Re5 Rb3 47. Kd2 Ke7 48. Ra5 Nd8 49. Kc2 Rb4 50. Kc3 Rb1 51. Kc2 Rb4 52. Kc3 Rb1 $1 53. Ra2 Kd7 54. Ra7+ Ke6 55. Rc7 Rb5 56. Kd4 Rd5+ 57. Kc3 Rb5 58. h4 {[%cal Bh3h4,Bh4h5][%mdl 32]} g5 59. h5 g4 60. Rc8 Kd7 61. Rc7+ Ke6 62. g3 (62. Ra7 $1 $16) 62... Rxh5 $14 63. Rc8 Kd7 $1 {[%cal Rd7c8]} 64. Rc7+ Ke6 65. Ra7 Rb5 {[#]} (65... Nc6 $14) 66. Ra5 $1 $16 {[%cal Ra5b5]} Rb1 67. Rg5 g6 (67... Rc1+ $142 68. Kd3 Nb7 69. Rxg4 g6 70. Re4+ Kd5) 68. Rxg4 Nc6 {[#]} 69. Rg5 $1 Rc1+ 70. Kd3 Nb4+ 71. Kd4 Rd1+ (71... Nc6+ $16 {war angesagt.} 72. Kc5 Na5) 72. Kc5 $18 Nd3+ 73. Kc6 Rc1 74. b7 $2 (74. Kb5 $18) 74... Rxc4+ $11 {KTS-KT. Die Stellung ist ausgeglichen.} 75. Kb6 f5 76. Rxg6+ Kf7 77. Rd6 Rb4+ 78. Kc7 (78. Ka5 {looks sharper.} Rxb7 79. Rxd3 Kg6 80. Rd6+ Kg5 81. Rb6) 78... Rxb7+ 79. Kxb7 Nxf2 {KT-KS} 80. Kc6 Ne4 81. Rd3 Kg6 82. Rd8 Kf6 83. Rd3 Kg5 84. Kd5 Kg4 85. Ke5 Nxg3 86. Rd4+ Ne4 87. Ra4 Kg5 88. Ra7 Kg6 89. Kf4 Nc5 90. Ra5 Ne6+ 91. Ke5 Nd8 {zielt auf ...Sc6+ ab.} 92. Ra6+ (92. Ra1 {is interesting.} f4 93. Rg1+ Kf7 94. Ke4 Kf6 95. Kxf4 Ne6+ 96. Kg4) 92... Kf7 93. Kxf5 Ke7 94. Ke5 Nf7+ 95. Kd5 Nd8 96. Rh6 Nf7 97. Re6+ Kd7 98. Re1 Nd8 99. Ra1 Nc6 100. Rd1 Nd8 101. Rh1 Nf7 102. Ra1 Ke7 103. Ra7+ Kf6 104. Rd7 Ng5 105. Rd6+ Ke7 106. Rg6 Nf7 $1 107. Re6+ Kd7 108. Re2 Nd8 109. Ra2 Ke7 110. Ra6 Nf7 111. Rb6 Nd8 112. Rb1 Nf7 113. Re1+ Kd7 114. Re3 (114. Ra1 {feels hotter.}) 114... Nd8 115. Ke5 Ke7 116. Kf5+ Kd6 117. Kf6 Nc6 118. Rd3+ Kc5 119. Ke6 Nd4+ 120. Ke5 Nc6+ 121. Ke4 Ne7 122. Rc3+ Kd6 123. Rh3 Nc6 124. Rh6+ Kc5 125. Re6 Nb4 126. Re5+ Kd6 127. Rb5 Nc6 128. Rd5+ Ke6 129. Rd1 Ne7 130. Rh1 Kd6 131. Rh6+ Kc5 132. Re6 Nc6 133. Rxc6+ Kxc6 {Precision: Weiß = 68%, Schwarz = 69%.} 1/2-1/2

[Event "Summer Chess Classic A 2018"]
[Site "Saint Louis"]
[Date "2018.05.21"]
[Round "7"]
[White "Jumabayev, Rinat"]
[Black "Sevian, Samuel"]
[Result "1/2-1/2"]
[WhiteElo "2621"]
[BlackElo "2613"]
[Annotator "TA"]
[PlyCount "80"]
[EventDate "2018.??.??"]
[EventType "tourn"]
[EventCountry "USA"]
[SourceTitle "playchess.com"]
[Source "ChessBase"]
[SourceQuality "1"]

{[%evp 15,80,0,29,-18,-10,-8,-13,-23,-16,-26,0,0,0,2,2,2,0,-20,-14,-53,-60,-55,-48,-69,-74,-75,-12,-12,-12,-15,-12,-19,-22,-14,-8,-10,0,0,0,0,0,0,0,0,0,0,0,0,0,0,0,0,0,0,0,0,0,0,0,0,0,0,-2,-3,0,-4,0]} 1. d4 Nf6 2. c4 e6 3. Nf3 d5 4. g3 Bb4+ 5. Bd2 Be7 6. Bg2 O-O 7. O-O Nbd7 8. Qc2 {E11: Damenindisch (Bogoljubow-Variante)} Ne4 {LiveBook: 75 Partien} 9. Ba5 $146 ({Vorgänger:} 9. Bf4 c6 10. Nc3 g5 11. Bc1 f5 12. b3 b6 13. Bb2 Bb7 14. Rad1 Qe8 15. Ne5 Nxe5 16. dxe5 Nxc3 17. Qxc3 Rc8 18. e3 {1-0 (75) Le,Q (2739)-Nakamura,H (2792) Saint Louis 2017}) 9... b6 10. cxd5 exd5 11. Bc3 Bb7 12. Nbd2 c5 13. Nxe4 dxe4 14. Nd2 cxd4 15. Bxd4 Rc8 16. Qb3 Bc5 17. Bc3 {[#]} Bxf2+ $1 {[%mdl 512]} 18. Rxf2 {Droht stark Lb4.} Nc5 $1 {[%cal Rc5b3]} 19. Qc2 {[%cal Rd2e4]} e3 $1 {[%csl LRd2,LRf2]} 20. Rf4 {[#] Und Lxb7 würde nun gewinnen.} exd2 (20... Bxg2 $1 $17 21. Kxg2 exd2 22. Qxd2 Qxd2 23. Bxd2 Rfe8) 21. Bxb7 $11 {Die Stellung ist ausgeglichen.} Nxb7 22. Rd1 Nc5 23. Rxd2 Qe7 24. Qf5 Ne6 25. Bb4 Rc1+ 26. Kf2 Nc5 27. Bxc5 Rxc5 ({Viel schwächer wäre} 27... bxc5 28. Rd7 $14) 28. Rd7 Qe8 29. Qd3 Ra5 30. a3 h6 31. Rc7 Qe5 32. Qc4 {[%cal Rf4f7]} Ra4 33. Qxa4 Qxc7 {[%mdl 4096] Endspiel KDT-KDT} 34. Qc4 Qe7 35. Qe4 Qd7 36. Qd4 Qe6 37. Re4 Qh3 38. Rh4 Qf5+ 39. Rf4 Qh3 40. Rh4 Qf5+ {Precision: Weiß = 73%, Schwarz = 70%.} 1/2-1/2

[Event "Summer Chess Classic A 2018"]
[Site "Saint Louis"]
[Date "2018.05.21"]
[Round "7"]
[White "Durarbayli, Vasif"]
[Black "Prohaszka, Peter"]
[Result "1/2-1/2"]
[WhiteElo "2618"]
[BlackElo "2613"]
[Annotator "TA"]
[PlyCount "84"]
[EventDate "2018.??.??"]
[EventType "tourn"]
[EventCountry "USA"]
[SourceTitle "playchess.com"]
[Source "ChessBase"]
[SourceQuality "1"]

{[%evp 17,84,4,18,-30,-29,-20,-21,-27,-20,-28,-5,-12,-10,-19,-19,-24,-5,-12,-6,-6,0,-10,0,0,1,0,0,2,3,3,6,1,0,-6,0,0,0,0,0,0,0,0,0,0,0,0,8,0,7,7,7,0,0,0,0,0,0,0,0,0,0,-42,-17,-24,8,8,8,8,8]} 1. e4 e5 2. Nf3 Nc6 3. d4 exd4 4. Nxd4 Qf6 5. Nb5 {[%cal Bd4b5,Bb5a3,Ba3c4][%mdl 32]} Bc5 6. Qd2 {C45: Scotch Game} (6. Qe2 Qd8 7. Be3 b6 8. Bxc5 bxc5 9. Qe3 Rb8 10. Qxc5 Nge7 11. Bd3 a6 12. Nd4 O-O 13. O-O Rxb2 14. Nb3 {1-0 (30) Van Foreest,J (2615)-Sokolov,I (2623) Amstelveen 2016}) 6... Bb6 7. N1c3 Nge7 8. Qf4 Qxf4 9. Bxf4 d6 {LiveBook: 3 Games} 10. Na3 Be6 $146 ({Predecessor:} 10... a6 11. Nc4 Bc5 12. Be3 Bb4 13. Bd2 O-O {0-1 (60) Lettieri,G (2265)-Livshits,G (2381) Istanbul 2005}) 11. Nc4 Bc5 {[%cal Bb6c5,Bc5e7,Be7f6][%mdl 32]} 12. Bg3 O-O-O 13. O-O-O d5 14. exd5 Nxd5 15. Nxd5 Bxd5 16. c3 Be7 17. f3 Be6 18. Be2 a6 19. a4 Bf6 20. Rxd8+ Rxd8 21. Rd1 Rxd1+ 22. Kxd1 a5 23. Kc2 b6 24. Bd3 h5 25. h3 Bd7 26. b3 Be6 27. Bf4 g6 28. g4 Ne7 29. Bd2 Bg7 30. Be2 Nd5 31. Nb2 hxg4 32. hxg4 f5 33. g5 Be5 34. Ba6+ Kd7 35. Nc4 Bg3 36. b4 axb4 37. cxb4 c6 {[%cal Bc7c6,Bc6c5][%mdl 32]} 38. Kd3 Kc7 39. b5 c5 {Strongly threatening ...Nb4+.} 40. a5 Nb4+ 41. Bxb4 $1 Bxc4+ 42. Kxc4 cxb4 {Precision: White = 63%, Black = 57%.} 1/2-1/2

[Event "Summer Chess Classic A 2018"]
[Site "Saint Louis"]
[Date "2018.05.21"]
[Round "7"]
[White "Indjic, Aleksandar"]
[Black "Bok, Benjamin"]
[Result "1/2-1/2"]
[WhiteElo "2600"]
[BlackElo "2636"]
[Annotator "TA"]
[PlyCount "60"]
[EventDate "2018.??.??"]
[EventType "tourn"]
[EventCountry "USA"]
[SourceTitle "playchess.com"]
[Source "ChessBase"]
[SourceQuality "1"]

{[%evp 15,60,0,11,5,17,2,11,14,18,13,30,30,30,30,28,12,22,20,16,12,12,11,12,15,16,20,23,2,6,3,3,6,14,10,14,10,10,0,0,0,6,0,0,0,0,0,0]} 1. e4 e5 2. Nf3 Nc6 3. Bb5 Nf6 4. d3 Bc5 5. Bxc6 dxc6 6. h3 {C65: Spanische Partie (Berliner-Verteidigung)} Nd7 7. Be3 O-O 8. Nbd2 Bd6 {LiveBook: 7 Partien} 9. Nc4 f6 $146 ({Vorgänger:} 9... Re8 10. O-O Nf8 11. c3 c5 12. Nxd6 Qxd6 13. Qc2 b6 {0-1 (60) Nepomniachtchi,I (2720)-Eljanov,P (2742) Moscow 2010}) 10. O-O Nb6 11. Nxd6 cxd6 12. a4 {[%cal Ba2a4,Ba4a5][%mdl 32]} Be6 13. a5 Nd7 14. d4 Re8 15. Re1 d5 16. exd5 Bxd5 17. b3 Qc7 18. dxe5 Nxe5 19. Nxe5 Qxe5 20. c4 Bf7 21. Bd4 (21. Qd7 {keeps more tension.} Qe7 22. Red1 a6 23. Bb6 Rab8 24. Qd6) 21... Qxe1+ {Die Stellung ist ausgeglichen.} 22. Qxe1 Rxe1+ 23. Rxe1 Re8 24. Rxe8+ Bxe8 25. Bxa7 $11 {[%mdl 4096] Endspiel KL-KL} Bg6 26. f3 Bc2 27. b4 Bd3 28. b5 cxb5 29. cxb5 Bxb5 30. Kf2 Kf7 {Precision: Weiß = 61%, Schwarz = 74%.} 1/2-1/2

[Event "Summer Chess Classic A 2018"]
[Site "Saint Louis"]
[Date "2018.05.22"]
[Round "8"]
[White "Bok, Benjamin"]
[Black "Prohaszka, Peter"]
[Result "1/2-1/2"]
[WhiteElo "2636"]
[BlackElo "2613"]
[Annotator "TA"]
[PlyCount "120"]
[EventDate "2018.??.??"]
[EventType "tourn"]
[EventCountry "USA"]
[SourceTitle "playchess.com"]
[Source "ChessBase"]
[SourceQuality "1"]

{[%evp 12,120,21,25,40,40,39,40,46,53,54,33,31,35,30,6,4,12,14,0,12,-3,-6,-10,16,10,14,21,14,23,24,16,41,41,55,55,57,60,62,62,64,64,71,71,71,64,64,64,64,64,64,64,64,45,71,71,75,53,71,64,71,69,71,71,71,71,71,71,76,76,76,76,76,76,83,76,76,76,83,76,83,83,83,76,83,76,83,50,83,83,83,83,83,83,83,83,83,0,83,76,83,83,83,22,22,22,22,22,22,22,22]} 1. c4 c6 2. Nf3 d5 3. e3 Nf6 4. Nc3 a6 5. d4 Bf5 6. Be2 {D15: Damengambit (Slawische Verteidigung)} h6 7. Bd3 {LiveBook: 43 Partien} e6 $146 ({Vorgänger:} 7... Bxd3 8. Qxd3 e6 9. O-O Bb4 10. Bd2 O-O 11. Rfd1 Ba5 12. Rab1 Nbd7 13. b4 Bc7 {0-1 (42) Tomashevsky,E (2713)-Fedoseev,V (2718) St Petersburg 2017}) 8. Bxf5 {Weiß steht etwas besser.} exf5 9. Qb3 Ra7 10. cxd5 cxd5 11. Ne5 Nc6 12. Bd2 Bd6 13. Nxc6 (13. f4 {is interesting.} O-O 14. O-O Re8 15. Rac1 Na5 16. Qc2) 13... bxc6 14. Rc1 O-O 15. Ne2 Qd7 16. Qd3 Rb8 17. Rc2 Rab7 18. b3 Ne4 19. O-O Nxd2 20. Qxd2 Bb4 21. Qc1 Rb6 22. Nc3 Bxc3 23. Rxc3 a5 24. Qa3 Ra6 25. Rc5 a4 26. g3 f4 27. exf4 Qb7 {[%cal Ra4b3]} 28. bxa4 Qb2 29. Qd3 Rxa4 30. Rxc6 Qxd4 31. Qxd4 Rxd4 $14 {[%mdl 4096] Endspiel KTT-KTT} 32. Rc2 Ra8 33. Re1 Rda4 34. Ree2 g6 35. Rcd2 R8a5 36. Kg2 Kg7 37. Re5 Rxa2 38. Rxa2 Rxa2 39. Rxd5 $16 {KT-KT} f5 40. Rd7+ Kf6 41. Rh7 h5 42. Rc7 Rb2 43. Rc1 Ra2 44. Re1 Rb2 45. Kf3 Rb3+ 46. Re3 Rb1 47. Re2 Rg1 48. Rc2 Ke6 49. Rd2 Kf6 50. Rd6+ Kg7 51. Rd7+ Kf6 52. Ra7 Ke6 53. Ra2 Kf6 54. Rc2 (54. Ra3 $16) 54... Kg7 (54... Ke6 $1 $11) 55. Rb2 Kf6 56. Ra2 Kg7 57. Ke3 (57. Ra7+ $16 Kf6 58. h3) 57... h4 $1 $11 {Die Stellung ist ausgeglichen.} 58. Ra7+ Kh6 59. Ra8 Kg7 60. gxh4 Rg2 {Precision: Weiß = 57%, Schwarz = 57%.} 1/2-1/2

[Event "Summer Chess Classic A 2018"]
[Site "Saint Louis"]
[Date "2018.05.22"]
[Round "8"]
[White "Fridman, Daniel"]
[Black "Jumabayev, Rinat"]
[Result "1/2-1/2"]
[WhiteElo "2636"]
[BlackElo "2621"]
[Annotator "TA"]
[PlyCount "50"]
[EventDate "2018.??.??"]
[EventType "tourn"]
[EventCountry "USA"]
[SourceTitle "playchess.com"]
[Source "ChessBase"]
[SourceQuality "1"]

{[%evp 19,50,4,6,10,16,18,16,18,17,18,14,9,16,0,16,12,20,18,20,21,28,18,19,11,18,0,19,0,12,0,21,0,16]} 1. d4 Nf6 2. c4 g6 3. Nc3 d5 4. e3 Bg7 5. cxd5 Nxd5 6. Nxd5 {D80: Grünfeld: Unusual White 4th moves and 4 Bg5} Qxd5 7. Ne2 O-O 8. Nc3 Qd6 9. Be2 Nd7 10. O-O c6 {LiveBook: 18 Games} 11. b3 Nf6 $146 ({Predecessor:} 11... e5 12. d5 Nf6 13. dxc6 Qxc6 {½-½ (28) Georgiev,K (2685)-Cheparinov,I (2661) Plovdiv 2010}) 12. Bb2 Rd8 13. Bf3 Nd5 14. Nxd5 cxd5 15. Qd2 Bd7 16. Rfc1 Bc6 17. Be2 Qd7 18. a4 Bf8 19. Ba3 Rdc8 20. h3 Qd8 {The position is equal.} 21. Bd3 Bd7 22. Qb4 Bc6 23. Qd2 Bd7 24. Qb4 Bc6 25. Qd2 Bd7 {Precision: White = 45%, Black = 69%.} 1/2-1/2